000 00882nam a2200265Ia 4500
999 _c41078
_d41078
001 7727
003 GE_BSU
005 20221116112958.0
008 181216s2001en xx |||||||||||||| ||eng||
020 _a185233472X. x
040 _cGE_BSU
041 _aeng
080 _a514.113 D-59
100 _aDineen,Sean.
_914706
245 _aMultivariate Calculus and Geometry /
_cSean Dineen, Advisory Board :P.J.Cameron, M.A.J.Chaplain, K.Edman,and other.
260 _bLondon :
_aSpringer,
_c2001.
300 _a245 p;
_c24 cm.
440 _aSpringer Undergraduate Mathematics Series: ISSN 1615-2085.
_914670
653 _aMultivariate Calculus and Geometry.
653 _aგეომეტრია
700 _aCameron, P.J.
_eAdvisory Board
_914676
700 _aChaplain, M.A.J.
_eAdvisory Board
_914672
700 _aEdman, K.
_eAdvisory Board
_914691
942 _cBK
_2udc